Regions of China by Picture - Statistics

General Stats
  • This quiz has been taken 27 times
  • The average score is 23 of 33
Answer Stats
Picture Answer % Correct
Beijing
95%
Shanghai
90%
Tibet
90%
Hong Kong
86%
Inner Mongolia
86%
Macau
86%
Guangdong
81%
Hainan
81%
Xinjiang
81%
Yunnan
81%
Sichuan
76%
Chongqing
71%
Hebei
71%
Heilongjiang
71%
Gansu
67%
Henan
67%
Hubei
67%
Hunan
67%
Qinghai
67%
Fujian
62%
Shaanxi
62%
Shandong
62%
Shanxi
62%
Tianjin
62%
Anhui
57%
Jiangsu
57%
Jilin
57%
Ningxia
57%
Guizhou
52%
Zhejiang
52%
Guangxi
48%
Jiangxi
48%
Liaoning
48%
No matching quizzes found
Score Distribution
Percent of People with Each Score
Percentile by Number Answered
Your Score History
You have not taken this quiz